Statistics for Human Body Parts Chain #2

Click here to take the quiz!

General Stats

  • This quiz has been taken 169 times
  • The average score is 16 of 26

Answer Stats

Hint Answer % Correct
An organ that gets damaged by alcohol consumptionLiver
92%
Pirates' symbolSkull
87%
Sticks and stones may break thisBone
84%
Gets wider in the darkPupil
83%
The longest boneFemur
83%
Very useful for scratchingNail
82%
The right one is bigger because of the heartLung
81%
For example the thyroidGland
78%
God created women from thisRib
77%
People exercise to build these (increase their size)Muscle
76%
Indifferent or cold-hearted people don't bat this when doing bad or unpleasant thingsEyelash
71%
The food pipeEsophagus
65%
The palate (where in the mouth you can find it)Roof
63%
For example the hallux or the indexDigit
59%
The first vertebra, a Titan, or mapsAtlas
58%
A muscle on the back of the upper armTriceps
58%
The shoulder bladeScapula
56%
An oxygen-transporting protein in the red blood cellsHemoglobin
56%
Also known as the cupid's bow thanks to its shape and functionLip
52%
A part of the leg or a baby animalCalf
52%
An electrically excitable nerve cellNeuron
50%
A fibrous tissue connecting bones or cartilages at a jointLigament
44%
Some have it in the closet or in the cupboardSkeleton
37%
The opening of the respiratory systemNostril
32%
Where the Death Eaters have their Dark Mark tattooedForearm
31%
The 12 vertebrae associated with the chest and ribsThoracic
30%

Score Distribution

Percentile by Number Answered

Percent of People with Each Score

Your Score History

You have not taken this quiz